000 00736nam a2200181Ia 4500
008 151202s9999||||xx |||||||||||||| ||und||
082 _bPNVM-44030
100 _aबेलसरे अरुण.
245 _aज्ञानयज्ञ-गावसकर - तेंडुलडकर.
260 _b"ग्रंथाली ज्ञानयज्ञ प्रकाश,मुंबई."
260 _c2000
300 _a74
600 _aबेलसरे अरुण.
630 _aज्ञानयज्ञ-गावसकर - तेंडुलडकर.
700 _aबेलसरे अरुण.
730 _aज्ञानयज्ञ-गावसकर - तेंडुलडकर.
942 _cBOOK
999 _c1309982
_d1309979